The Cure for Breathlessness (Запис № 580624)

МАРК-запис
000 -Лідер
fixed length control field 00692 a2200217 4500
003 - Ідентифікатор контрольного номера
control field UA-OsUOA
005 - Дата та час останнього входження (трансакції)
control field 20260430115502.0
008 - Елементи даних фіксованої довжини – загальна інформація
fixed length control field 260430b un ||||| |||| 00| 0 ukr d
040 ## - Джерело каталогізації
Агенція оригінальної каталогізації UA-OsUOA
Мова каталогізації eng
Агенція, яка здійснювала перезапис UA-OsUOA
Агенція, яка здійснювала модифікацію UA-OsUOA
041 ## - Код мови
Код мови тексту/ звукової доріжки чи окремого заголовка (П) eng
080 ## - Індекс Універсальної десяткової класифікації
Індекс Універсальної десяткової класифікації (УДК) (НП) 82-32
090 ## - Локальний шифр розміщення
Класифікаційний індекс УДК 82-32
Авторський знак (НП) P34
100 ## - Основне введення – ім’я особи
Ім’я особи (НП) Pavlenko C.
9 (RLIN) 25141
245 ## - Відомості про назву
Назва (НП) The Cure for Breathlessness
Дані про відповідальність (НП) Camille Pavlenko
260 ## - Публікація, розповсюдження і т.п. (Вихідні дані)
Ім’я/ наймення видавництва, розповсюджувача і т.п. (П) Shevchenko Foundation
Місце публікації, розповсюдження і т.п. (П) Winnipeg
Дата публікації, розповсюдження і т.п. (П) 2024
300 ## - Фізичний опис
Обсяг 12 p.
650 ## - Додаткове предметне введення – тематичний термін
Джерело заголовка чи терміна UDC
Тематичний термін чи географічна назва, як елемент введення (НП) 82 Література. Літературознавство
9 (RLIN) 15
942 ## - Додаткові елементи входу (Коха)
Тип елемента Koha Брошура
Source of classification or shelving scheme Universal Decimal Classification
955 ## - Код типу видання за змістом
Код типу видання за змістом (НП) Літературно-художні видання
Фонди
Стан вилучень Стан втрат Джерело класифікації або схеми стелажів Стан уражень Не для кредиту Код колекції Постійне місце розташування Поточне розміщення Дата придбання Джерело придбання Вартість, звичайна ціна покупки Інвентарний номер Усього замовленно Повний номер виклику Штрих-код Дата останнього перегляду Вартість, ціна заміни Ціна ефективна від Тип елемента Koha Примітка, призначена для загального доступу
    Universal Decimal Classification     Колекція др. Константина Бризгуна (Оксани і Ярослава Соколиків) Наукова бібліотека ІДУД Наукова бібліотека ІДУД 30/04/2026 №12/29.04.2026 (ІДУД) 1.00 300848   82-32 P34 300848 30/04/2026 1.00 30/04/2026 Брошура Отримано в дар від Оксани Бризгун-Соколик